Most Populous Rhode Island Municipalities by Decade - Statistics

General Stats
  • This quiz has been taken 14 times
  • The average score is 12 of 26
Answer Stats
Hint Answer % Correct
1790 Providence
100%
1950 Cranston
86%
2020 East Providence
86%
1800 Newport
86%
1920 Warwick
86%
2000 Pawtucket
79%
1960 Woonsocket
79%
1940 North Providence
71%
1910 Bristol
50%
Central Falls
50%
West Warwick
50%
1860 Coventry
36%
1970 Lincoln
36%
1840 North Kingstown
36%
1810 South Kingstown
36%
1880 Tiverton
36%
1980 Westerly
36%
1990 Burrillville
29%
1930 Cumberland
29%
1850 Exeter
29%
1820 Glocester
21%
1870 Hopkinton
21%
2010 Johnston
21%
1890 Scituate
21%
1830 Smithfield
21%
1900 Foster
14%
No matching quizzes found
Score Distribution
Percent of People with Each Score
Percentile by Number Answered
Your Score History
You have not taken this quiz